| 000 | 00892nmm a2200289 a 4500 | ||
|---|---|---|---|
| 001 | ocm000716551 | ||
| 003 | TR-IsHL | ||
| 005 | 20201028124626.0 | ||
| 008 | 130902s2010 tu tur | ||
| 007 | cr cn | ||
| 020 | _a9789944249188 | ||
| 035 |
_a716551 _b(N$T) |
||
| 050 | 0 | 4 |
_aPQ2288.A68 _bS4 2010 |
| 090 | 0 | 4 |
_aPQ2288.A68 _bS4 2010 |
| 100 | 1 | _aHugo, Victor | |
| 245 | 1 | 0 |
_aSefiller _h[electronic resource] / _cVictor Hugo ; tashih Derya Günay |
| 250 | _a1. bs. | ||
| 260 |
_aİstanbul : _bBirleşik Yayın Grubu, _c2010 |
||
| 300 | _a112 p. | ||
| 650 | 4 | _aDil ve Edebiyat | |
| 650 | 4 | _aLanguage and Literature | |
| 650 | 0 | _aFransız romanı | |
| 650 | 0 | _aFrench fiction | |
| 650 | 7 |
_aLITERARY COLLECTIONS / European / French _2bisacsh |
|
| 700 | 1 | _aGünay, Derya | |
| 856 | 4 | 0 | _uhttp://search.ebscohost.com/login.aspx?direct=true&scope=site&db=e011xww&AN=716551 |
| 999 |
_c3052 _d3052 |
||